Harry Potter - Who Killed Who? - Statistics

General Stats
  • This quiz has been taken 140 times
  • The average score is 9 of 16
Answer Stats
Victim Answer % Correct
Lord Voldemort Harry Potter
100%
Albus Dumbledore Severus Snape
98%
Sirius Black Bellatrix Lestrange
93%
Nagini Neville Longbottom
91%
Bellatrix Lestrange Molly Weasley
90%
Cedric Diggory Peter Pettigrew
82%
Moaning Myrtle Basilisk
74%
Bloody Baron Himself
51%
Helena Ravenclaw Bloody Baron
46%
Pandora Lovegood Herself
45%
Kendra Dumbledore Ariana Dumbledore
43%
Regulus Black Inferi
37%
Remus Lupin Antonin Dolohov
31%
Evan Rosier Alastor Moody
26%
Fenrir Greyback Sybil Trelawney
10%
Broderick Bode Walden Macnair
7%
No matching quizzes found
Score Distribution
Percent of People with Each Score
Percentile by Number Answered
Your Score History
You have not taken this quiz